Biggest Cities in the United States in 1800 - Statistics

General Stats
  • This quiz has been taken 11 times
  • The average score is 24 of 100
Answer Stats
Population State City % Correct
26,514 MD Baltimore
100%
24,937 MA Boston
100%
60,515 NY New York
100%
41,220 PA Philadelphia
100%
5,289 NY Albany
91%
18,824 SC Charleston
91%
4,802 CT Hartford
91%
5,737 VA Richmond
82%
6,187 NY Cambridge
73%
4,049 CT New Haven
73%
7,614 RI Providence
73%
4,971 VA Alexandria
55%
3,704 ME Portland
55%
5,339 NH Portsmouth
55%
9,457 MA Salem
55%
4,292 PA Lancaster
45%
6,926 VA Norfolk
45%
3,524 MA Plymouth
45%
4,361 MA New Bedford
36%
6,739 RI Newport
36%
10,718 PA Northern Liberties
36%
5,146 GA Savannah
36%
4,926 NY Troy
36%
3,816 NY Warwick
36%
5,313 MA Gloucester
27%
5,150 CT New London
27%
5,146 CT Norwalk
27%
5,289 NY Schenectady
27%
3,881 MA Beverly
18%
5,157 NY Canaan
18%
3,735 CT Fairfield
18%
3,812 NY Freehold
18%
4,009 RI Glocester
18%
4,302 CT Groton
18%
4,615 NY Kingston
18%
4,380 CT Lyme
18%
5,001 CT Middletown
18%
5,617 MA Nantucket
18%
3,476 CT Norwich
18%
3,521 VA Petersburg
18%
9,621 PA Southwark
18%
5,437 CT Stonington
18%
4,992 NY Watervliet
18%
4,597 NY Argyle
9%
3,312 NY Aurelius
9%
3,756 NY Beekman
9%
3,486 NY Berne
9%
3,733 NY Bethlehem
9%
5,200 MA Bridgewater
9%
4,022 NY Brookhaven
9%
3,716 NY Chatham
9%
4,414 NY Claverack
9%
5,208 NY Clinton
9%
4,676 NY Coxsackie
9%
3,669 PA Earl
9%
3,381 NJ Evesham
9%
3,422 ME Falmouth
9%
6,168 NY Fishkill
9%
3,752 NH Gilmanton
9%
3,472 NY Greenbush
9%
3,597 CT Guilford
9%
3,851 NY Halfmoon
9%
4,702 NY Hillsdale
9%
3,664 NY Hudson
9%
3,894 NY Huntington
9%
3,305 MA Ipswich
9%
3,932 NY Johnstown
9%
4,348 NY Kinderhook
9%
3,652 CT Lebanon
9%
4,285 CT Litchfield
9%
7,405 NY Livingston
9%
5,211 MA Marblehead
9%
4,458 MA Middleborough
9%
3,553 NY Milton
9%
3,584 NY Minisink
9%
4,106 NY Montgomery
9%
4,076 MA Newbury
9%
5,946 MA Newburyport
9%
4,224 NY Otsego
9%
4,548 NY Oyster Bay
9%
3,512 NY Palatine
9%
4,721 NY Paris
9%
4,269 NY Pawling
9%
4,412 NY Petersburgh
9%
3,483 NY Pittstown
9%
3,440 CT Preston
9%
4,743 MA Rehoboth
9%
4,560 NY Rensselaerville
9%
4,022 NY Rhinebeck
9%
3,363 CT Saybrook
9%
3,688 NY Schodack
9%
3,670 NY Southampton
9%
4,141 NY South Hempstead
9%
3,438 RI South Kingstown
9%
4,968 NY Stephentown
9%
3,860 MA Taunton
9%
3,592 NY Wallkill
9%
3,692 ME Wells
9%
3,992 CT Wethersfield
9%
4,212 NY Whitestown
9%
No matching quizzes found
Score Distribution
Percent of People with Each Score
Percentile by Number Answered
Your Score History
You have not taken this quiz